000 00304nam a22001337a 4500
008 170606b xxu||||| |||| 00| 0 eng d
020 _a9780742530171
041 _aeng
080 _22ND
_a94
100 _a18
101 _aSHH
245 _aMILITARY-CIVILIAN INTERACTIONS
_cWEISS,TH.G
942 _2udc
_cBK
999 _c16052
_d16052